250 Preguntas y respuestas sobre contabilidad digital 2016

Detalles Bibliográficos
Autor principal: Castro Valdez, Penľope
Formato: Libro
Lenguaje:español
Publicado: Mx̌ico Ediciones Fiscales ISEF 2016
Materias:
Acceso en línea:Acceso restringido

MARC

LEADER 00000nam a22000007a 4500
005 20160607123950.0
007 cr|||| ||u|
008 160607s2016 mx ||||| |||| 00||0 spa d
020 |a 978-368-726-919-9 
035 |a 14277 
040 |a vLex  
090 |c 6167  |d 6167 
100 1 |a Castro Valdez, Penľope  
245 1 0 |a 250 Preguntas y respuestas sobre contabilidad digital 2016  |h [Recurso electrn̤ico] /  |c Penľope Castro Valdez  
256 |a Servicio en ln̕ea  
260 |a Mx̌ico  |b Ediciones Fiscales ISEF  |c 2016 
300 |a 1 recurso electrn̤ico  
500 |a CONTIENE la 1®. modificacin̤ a la RMF! La noticia de la entrada en vigor de un nuevo esquema de registro electrn̤ico de la contabilidad, que va ms̀ all ̀de un registro ya que incluye el almacenamiento de soportes en documentos digitales; en este libro encontrar ̀preguntas y respuesta a inquietudes que pudiera tener al respecto. 
506 1 |a Contenido solo disponible en los productos indicados  |d vLex Global  |d vLex Global (Academic Edition, excluding Law Schools)  |d vLex Global (U.S. Academic Edition, Law Schools)  |d vLex Global (U.S. Academic Edition, excluding Law Schools)  |d vLex Global (Academic Edition, Law Schools) 
650 0 4 |a Contabilidad  |z Colombia 
740 0 |a vLex libros (servicio en ln̕ea)  
856 4 0 |u http://vlex.com/source/250-preguntas-y-respuestas-sobre-contabilidad-digital-2016-14277  |z Acceso restringido 
942 |c BOOK 
999 0 |a Accounting  |b Colombia